000 01427cam a22003857a 4500
003 CHAP
005 20220329135319.0
008 971013s1979 r 00010 d
010 _a34257
011 _a35229
035 _a39345
040 _cCHAP
090 _aTesis
100 0 0 _aLuna Flores, Maximino.
_969047
245 0 _aPosibilidades de obtención de variedades de maíz tolerantes a la sequía mediante el uso de polen y estigmas resistentes a la desecación
260 _aChapingo, Méx. :
_bEl autor,
_c1978
300 _a185 h.
500 _ac.4-5 en bodega
502 _aTesis (Dr. en Ciencias Esp. en Genética) -- SARH. Colegio de Postgraduados
590 _aALEPH
_b10
_c20130110
_lUCH01
_h1259
590 _aBATCH-UPD
_b10
_c20130110
_lUCH01
_h0223
590 _aBATCH-UPD
_b10
_c20130110
_lUCH01
_h1550
590 _aBATCH-UPD
_b10
_c20130409
_lUCH01
_h2244
590 _aBATCH-UPD
_b10
_c20130410
_lUCH01
_h1541
590 _aBATCH-UPD
_b10
_c20130914
_lUCH01
_h1735
590 _aCONVERSION
_b10
_c20130109
_lUCH01
_h1319
650 1 4 _aMaíz
_xPolen.
_971037
650 1 4 _aMaíz
_xResistencia a sequía.
_971053
710 0 _aMéxico. Secretaría de Recursos Hidráulicos. Colegio de Postgraduados. Rama de Genética.
_977212
901 _aBK
942 _cFOLL
949 _bBC
_cTES
_d-89722
_eTS1
_i39345
_si
949 _bBC
_cTES
_d-89723
_eTS2
_fc.2
_i39345
_si
949 _bBC
_cTES
_d-89724
_eTS2
_fc.3
_i39345
_si
999 _c34257
_d34257